Evénements du 25 juillet - Statistiques

Statistiques générales
  • Ce quiz a été pris 28 fois
  • Le résultat moyen est 10 sur 15
Statistiques - réponses
Hint Réponse % Correct
Mariage de Louis VII et d'Aliénor d'Aquitaine 1137
92%
Proclamation de la république de Tunisie 1957
88%
Rock Hudson se déclare malade du SIDA 1985
88%
Ouverture des JO de Barcelone 1992
88%
Constantin est proclamé empereur 306
88%
Henri IV abjure le protestantisme 1593
83%
Louis Blériot traverse la Manche en avion 1909
79%
Assassinat du chancelier autrichien Dollfuss ET Naissance du réalisateur Claude Zidi 1934
79%
Attentat à la gare St Michel du RER B 1995
75%
Accident du Concorde 2000
63%
Naissance de l'actrice Yvonne Printemps 1894
42%
Manifeste de Brunswick 1792
38%
Bataille d'Aboukir 1799
38%
Inauguration du canal de Corinthe 1893
38%
Mort du poète André Chénier 1794
25%
Aucun quiz correspondant
Distribution des résultats
% des personnes avec chaque résultat
Percentile par nombre de réponses
Votre historique - résultats
Vous n’avez pas pris ce quiz